[Event "SR 4. liga A21 2013/2014"]
[Site "?"]
[Date "2014.01.12"]
[Round "6.5"]
[White "Vagovic, Milan"]
[Black "Curidlo, Jan"]
[Result "0-1"]
[WhiteElo "1702"]
[BlackElo "1852"]
[PlyCount "124"]
[EventDate "2013.??.??"]

1. d4 Nf6 2. c4 e6 3. Nf3 b6 4. g3 Bb7 5. Bg2 d6 6. O-O Be7 7. Nc3 Nbd7 8. Qc2
O-O 9. b3 a6 10. Bb2 Re8 11. Rac1 Rc8 12. Rfd1 c6 13. e4 Qc7 14. Re1 e5 15. Ba3
exd4 16. Nxd4 Ne5 17. f4 Ng6 18. Nf5 Bf8 19. Rcd1 Rcd8 20. Rd2 b5 21. Red1 b4
22. Bb2 bxc3 23. Bxc3 c5 24. Bxf6 gxf6 25. Ne3 Qe7 26. Nf5 Qe6 27. Re2 Qc8 28.
Red2 Qc7 29. Kf1 Bc8 30. Ne3 Ne7 31. Kf2 Be6 32. Kf1 Nc6 33. Qb1 Nd4 34. f5 Bh6
35. Ng4 Bxd2 36. Nxf6+ Kf8 37. Nxe8 Qa5 38. Nf6 Ke7 39. Nd5+ Bxd5 40. exd5 Qc3
41. Be4 Qe3 42. Qd3 Qxd3+ 43. Bxd3 Bg5 44. Re1+ Kf8 45. Kf2 a5 46. h4 Bf6 47.
Kg2 h6 48. Kf2 Re8 49. Rxe8+ Kxe8 50. Ke3 Be5 51. g4 Bg3 52. h5 Ke7 53. Be2 Kf6
54. Bd1 Kg5 55. Ke4 Bf4 56. Kd3 Bc1 57. Kc3 Ba3 58. Kd3 Kf4 59. Kc3 Nf3 60. Kd3
Ne5+ 61. Kd2 Nxg4 62. Bxg4 Kxg4 0-1

[Event "SR 4. liga A21 2013/2014"]
[Site "?"]
[Date "2014.01.12"]
[Round "6.5"]
[White "Nedorost, Lubomir"]
[Black "Pripko, Bystrik"]
[Result "1/2-1/2"]
[WhiteElo "1701"]
[BlackElo "1721"]
[PlyCount "97"]
[EventDate "2013.??.??"]

1. e4 e5 2. Nc3 Nf6 3. Bc4 Nc6 4. d3 h6 5. f4 exf4 6. Bxf4 Bb4 7. Nf3 O-O 8.
O-O Na5 9. e5 Nxc4 10. exf6 Qxf6 11. Bxc7 Nxb2 12. Ne4 Nxd1 13. Nxf6+ gxf6 14.
Raxd1 d6 15. Rb1 a5 16. Bb6 Be6 17. c4 Kh7 18. Kh1 Rg8 19. Nd4 Rg6 20. Rb2 f5
21. Nxf5 Bc3 22. Rbf2 Bb4 23. Bc7 d5 24. Nd4 Bc5 25. Rf4 dxc4 26. Nxe6 fxe6 27.
Rxc4 b6 28. Be5 Rd8 29. Rcf4 Kg8 30. d4 Bb4 31. Rf7 Rf8 32. Rxf8+ Bxf8 33. Bc7
Rg5 34. Bxb6 Rd5 35. Re1 Rb5 36. Bc7 a4 37. g3 Bg7 38. Be5 Rb2 39. Bxg7 Kxg7
40. Rxe6 Rxa2 41. Ra6 a3 42. d5 Rd2 43. Rxa3 Rxd5 44. Kg2 h5 45. h3 Kg6 46. g4
hxg4 47. hxg4 Kg5 48. Kg3 Rc5 49. Rf3 1/2-1/2

[Event "SR 4. liga A21 2013/2014"]
[Site "?"]
[Date "2014.01.12"]
[Round "6.5"]
[White "Piestansky, Jan"]
[Black "Bardik, Jozef"]
[Result "0-1"]
[WhiteElo "1658"]
[BlackElo "1878"]
[PlyCount "107"]
[EventDate "2013.??.??"]

1. e4 c6 2. Nf3 d5 3. exd5 cxd5 4. d4 Nc6 5. h3 e6 6. c3 Bd6 7. Bb5 Bd7 8. Ba4
Rc8 9. Be3 Nge7 10. O-O Ng6 11. Nbd2 O-O 12. Rc1 a6 13. c4 dxc4 14. Nxc4 Bb8
15. Ncd2 b5 16. Bc2 Nb4 17. Bb1 Nd5 18. Nb3 Bd6 19. Qe2 Qe7 20. Nc5 a5 21. a3
Bc6 22. Rc2 Ndf4 23. Qd1 Qf6 24. Nb3 Nxh3+ 25. Kh1 Bxf3 26. Qxf3 Qxf3 27. gxf3
a4 28. Nd2 Rxc2 29. Bxc2 Nhf4 30. Be4 Rc8 31. Re1 h6 32. Nb1 b4 33. Rc1 Rxc1+
34. Bxc1 Ne2 35. Be3 e5 36. d5 Ngf4 37. Kh2 Kf8 38. Bd2 bxa3 39. bxa3 g6 40.
Bc2 h5 41. Bxa4 Nxd5 42. Bc6 Nc7 43. Bb4 Ke7 44. Kg2 Nd4 45. Bxd6+ Kxd6 46. Bb7
Kc5 47. Be4 f5 48. Bd3 Nd5 49. Ba6 g5 50. Nd2 Nb6 51. Nb1 g4 52. fxg4 hxg4 53.
Nd2 Ne6 54. Bd3 0-1

[Event "SR 4. liga A21 2013/2014"]
[Site "?"]
[Date "2014.01.12"]
[Round "6.5"]
[White "Sedlak, Rastislav"]
[Black "Slaba, Andrea"]
[Result "1-0"]
[WhiteElo "1761"]
[BlackElo "1294"]
[PlyCount "125"]
[EventDate "2013.??.??"]

1. e4 e6 2. d4 d5 3. exd5 exd5 4. Nf3 Nf6 5. Be2 Be7 6. O-O O-O 7. c4 dxc4 8.
Bxc4 Nc6 9. Nc3 Na5 10. Bd3 Bg4 11. Re1 Re8 12. Be3 Nc6 13. Bb5 Bd7 14. Rc1 a6
15. Ba4 b5 16. Bb3 Na5 17. Bc2 Nc4 18. b3 Nxe3 19. Rxe3 Bb4 20. Ne4 Nxe4 21.
Bxe4 Rb8 22. Qd3 g6 23. Ne5 Bd6 24. Nxd7 Qxd7 25. Bc6 Rxe3 26. Qxe3 Qe7 27.
Qxe7 Bxe7 28. d5 Bd6 29. Re1 b4 30. h3 Kg7 31. g4 g5 32. Kg2 h6 33. Kf3 Kf6 34.
Ke4 Kg6 35. Bd7 Rd8 36. Bf5+ Kf6 37. Kd4 Bf8 38. Rc1 c5+ 39. Kc4 Re8 40. Rc2
Bd6 41. f3 Re7 42. Be4 Kg7 43. a3 Rb7 44. axb4 Rxb4+ 45. Kc3 Be5+ 46. Kd2 Rd4+
47. Ke2 Bd6 48. Ra2 Bf4 49. Rxa6 Rd2+ 50. Ke1 Rh2 51. Rc6 Bg3+ 52. Kd1 Rh1+ 53.
Kc2 Rh2+ 54. Kd3 Bf2 55. d6 Rh1 56. Ke2 Bg3 57. d7 Re1+ 58. Kd2 Ra1 59. d8=Q
Ra2+ 60. Kd3 Be5 61. Rxc5 Ra1 62. Kc4 Rc1+ 63. Kb5 1-0

[Event "SR 4. liga A21 2013/2014"]
[Site "?"]
[Date "2014.01.12"]
[Round "6.6"]
[White "Nemeckay, Rastislav"]
[Black "Hudacek, Josef"]
[Result "1/2-1/2"]
[WhiteElo "1986"]
[BlackElo "2040"]
[PlyCount "35"]
[EventDate "2013.??.??"]

1. e4 e5 2. Nc3 d6 3. g3 f5 4. d3 Nf6 5. Bg2 c6 6. Qe2 Be7 7. f4 exf4 8. Bxf4
O-O 9. O-O-O d5 10. exd5 Nxd5 11. Nxd5 cxd5 12. Bxb8 Rxb8 13. Qe5 Bd7 14. Qxd5+
Kh8 15. Nf3 Qc7 16. Qc4 Qb6 17. Qd4 Qc7 18. Qc4 1/2-1/2

[Event "SR 4. liga A21 2013/2014"]
[Site "?"]
[Date "2014.01.12"]
[Round "6.6"]
[White "Vogl, Zdenek"]
[Black "Celustkova, Lubica"]
[Result "1/2-1/2"]
[WhiteElo "1899"]
[BlackElo "1618"]
[PlyCount "106"]
[EventDate "2013.??.??"]

1. e4 e5 2. Nf3 Nc6 3. Bb5 a6 4. Ba4 Nf6 5. O-O Be7 6. Re1 b5 7. Bb3 d6 8. h3
O-O 9. c3 Na5 10. Bc2 c5 11. d4 Qc7 12. d5 Nc4 13. b3 Nb6 14. a4 bxa4 15. bxa4
a5 16. Na3 c4 17. Be3 Rb8 18. Rb1 Ba6 19. Nb5 Qd7 20. Nd2 Rfc8 21. Na3 Qd8 22.
Qe2 Nfd7 23. Nb5 Rb7 24. Rb2 Nc5 25. Bxc5 Rxc5 26. Reb1 f5 27. Na3 Qb8 28.
Naxc4 Nxc4 29. Rxb7 Bxb7 30. Nxc4 Qc7 31. Rb5 Ba6 32. Rxc5 Qxc5 33. Bd3 Bxc4
34. Bxc4 f4 35. Bb5 Qxc3 36. Qg4 Qc7 37. Qe6+ Kh8 38. Kh2 Qd8 39. Bd7 Qf8 40.
Qg4 Qf6 41. Be6 Qf8 42. Bd7 Qf6 43. Qe2 Qf8 44. Bf5 Qe8 45. Qc4 Qd8 46. Kg1 Qb8
47. Qc6 Qd8 48. Kf1 Qb8 49. Bc8 Qb1+ 50. Ke2 Qxe4+ 51. Kf1 Qb1+ 52. Ke2 Qe4+
53. Kf1 Qb1+ 1/2-1/2

[Event "SR 4. liga A21 2013/2014"]
[Site "?"]
[Date "2014.01.12"]
[Round "6.6"]
[White "Klimes, Karel"]
[Black "Kubik, Peter"]
[Result "0-1"]
[WhiteElo "1651"]
[BlackElo "1824"]
[PlyCount "162"]
[EventDate "2013.??.??"]

1. e4 e5 2. Nf3 Nc6 3. Bc4 Bc5 4. c3 Nf6 5. d3 h6 6. b4 Bd6 7. Be3 O-O 8. O-O
a6 9. a4 Be7 10. Nbd2 d6 11. Qb3 Nh5 12. d4 Bf6 13. d5 Ne7 14. b5 b6 15. Bd3 a5
16. Rfe1 Ng6 17. Bf1 Nhf4 18. g3 Nh3+ 19. Kh1 h5 20. Ng1 Nxg1 21. Kxg1 h4 22.
Nf3 Be7 23. Bd3 Bg4 24. Be2 f5 25. exf5 Bxf5 26. Qc4 Rf7 27. Nd2 Bg5 28. Bh5
hxg3 29. hxg3 Qf6 30. Ne4 Bxe4 31. Qxe4 Bxe3 32. Qxe3 Qf5 33. g4 Qf6 34. Rf1
Re7 35. Bxg6 Qxg6 36. f3 Rf8 37. Ra2 e4 38. Rg2 Ref7 39. f4 Re8 40. f5 Qh6 41.
Rf4 Qg5 42. Re2 Rxf5 43. Rxe4 Qxe3+ 44. R4xe3 Rxe3 45. Rxe3 Rxd5 46. Re4 Kf7
47. Kf2 Re5 48. Rc4 Rc5 49. Rf4+ Ke6 50. c4 d5 51. cxd5+ Rxd5 52. Kg3 g5 53.
Rc4 Rd3+ 54. Kf2 Kd6 55. Rc6+ Kd7 56. Rc4 Rb3 57. Rd4+ Ke6 58. Rc4 Kd6 59. Rc6+
Kd7 60. Rc4 Rb4 61. Rxb4 axb4 62. Ke3 Ke6 63. Kd4 b3 64. Kc3 b2 65. Kxb2 Ke5
66. Kc3 Kf4 67. Kd4 Kxg4 68. Kd5 Kf5 69. Kc6 g4 70. Kxc7 g3 71. Kxb6 g2 72. Ka6
g1=Q 73. a5 Qg2 74. Ka7 Qg7+ 75. Ka6 Qc7 76. b6 Qb8 77. b7 Ke6 78. Kb6 Kd7 79.
a6 Kd6 80. Kb5 Kc7 81. Ka5 Qa7 0-1

[Event "SR 4. liga A21 2013/2014"]
[Site "?"]
[Date "2014.01.12"]
[Round "6.6"]
[White "Vach, Jozef"]
[Black "Kanka, Tomas"]
[Result "0-1"]
[WhiteElo "1799"]
[BlackElo "1688"]
[PlyCount "128"]
[EventDate "2013.??.??"]

1. d4 Nf6 2. Nf3 g6 3. Bg5 Bg7 4. c4 Ne4 5. Bf4 c5 6. Nc3 Qa5 7. Bd2 Nxd2 8.
Qxd2 cxd4 9. Nxd4 O-O 10. e3 Nc6 11. Be2 Nxd4 12. exd4 e5 13. d5 d6 14. O-O Bf5
15. g4 Bc8 16. Kg2 Qd8 17. f3 f5 18. h3 a6 19. Rh1 Qh4 20. Raf1 Bh6 21. Qe1 Qe7
22. Bd3 Bd7 23. a4 Rac8 24. b3 b5 25. axb5 axb5 26. Nxb5 Bxb5 27. cxb5 Rc5 28.
Rf2 Kh8 29. Bc4 Bg5 30. Ra2 Bh4 31. Qe2 Qg5 32. Qd2 Qf6 33. Rf1 fxg4 34. hxg4
Rc7 35. b6 Rb7 36. Qe3 Bg5 37. Qf2 Bh4 38. Qg1 Qf4 39. Kh3 Qh6 40. Kg2 Qf4 41.
Qh2 Qf6 42. Qh3 Rxb6 43. Rh1 g5 44. Rha1 Rbb8 45. Ra7 Rbe8 46. Rf1 Qf4 47. Bd3
Qd2+ 48. Kh1 Qxd3 49. Qg2 Qxb3 50. Qe2 Qxd5 51. Qc2 Rf7 52. Ra3 e4 53. Re3 Rfe7
54. Rd1 Qc5 55. Rc3 Qa7 56. Qb2 Kg8 57. Qb3+ Kf8 58. Rxd6 Rb8 59. Qc2 Qa1+ 60.
Rd1 Qb2 61. Rc8+ Kg7 62. Qc5 Rf7 63. Rd4 Qa1+ 64. Kh2 Rb2+ 0-1

[Event "SR 4. liga A21 2013/2014"]
[Site "?"]
[Date "2014.01.12"]
[Round "6.6"]
[White "Wallner, Juraj"]
[Black "Hrubsa, Marian"]
[Result "0-1"]
[WhiteElo "1512"]
[BlackElo "1801"]
[PlyCount "38"]
[EventDate "2013.??.??"]

1. e4 e6 2. Nf3 d5 3. exd5 exd5 4. d4 Bd6 5. Nc3 Ne7 6. Bd3 O-O 7. Be3 c6 8.
Qd2 Bf5 9. Ne2 Nd7 10. Ng3 Bxd3 11. Qxd3 f6 12. O-O-O a5 13. Nh4 a4 14. Nhf5
Nxf5 15. Nxf5 Nb6 16. h4 Nc4 17. g4 Qb6 18. Qc3 Bb4 19. Qd3 Bd2+ 0-1

[Event "SR 4. liga A21 2013/2014"]
[Site "?"]
[Date "2014.01.26"]
[Round "7.1"]
[White "Hudacek, Josef"]
[Black "Podjavorinsky, Michal"]
[Result "1-0"]
[WhiteElo "2040"]
[BlackElo "1719"]
[PlyCount "93"]
[EventDate "2013.??.??"]

1. e4 d5 2. exd5 Qxd5 3. d4 c6 4. c4 Qa5+ 5. Nc3 Nf6 6. Nf3 Bg4 7. Be2 e6 8.
O-O Bd6 9. h3 Bh5 10. Be3 O-O 11. a3 Rd8 12. Qc1 Nbd7 13. b4 Qc7 14. c5 Be7 15.
Bf4 Qc8 16. Qe3 Nd5 17. Nxd5 cxd5 18. Bd3 Bg6 19. Bxg6 hxg6 20. Rfe1 Bf6 21.
Rac1 Qc6 22. Qb3 a6 23. a4 Nf8 24. b5 axb5 25. axb5 Qe8 26. c6 bxc6 27. Rxc6
Rdc8 28. Rec1 Rxc6 29. Rxc6 Bxd4 30. Nxd4 e5 31. Qe3 exf4 32. Qxf4 Ne6 33. Nxe6
fxe6 34. Qe5 Rb8 35. Rc7 Qf8 36. Qxe6+ Kh7 37. Qxd5 Re8 38. Qd4 g5 39. g3 Re1+
40. Kh2 Kh6 41. h4 Kh7 42. hxg5 Re6 43. b6 Rd6 44. Qc5 Qd8 45. b7 Rd5 46. Qc2+
Rd3 47. Rc8 1-0

[Event "SR 4. liga A21 2013/2014"]
[Site "?"]
[Date "2014.01.26"]
[Round "7.1"]
[White "Miciak, Emanuel"]
[Black "Vach, Jozef"]
[Result "1/2-1/2"]
[WhiteElo "1896"]
[BlackElo "1799"]
[PlyCount "128"]
[EventDate "2013.??.??"]

1. d4 Nf6 2. c4 d5 3. Nc3 c6 4. e3 e6 5. Nf3 b6 6. cxd5 cxd5 7. Bd3 Be7 8. O-O
O-O 9. Qe2 Bb7 10. Bd2 Ne4 11. Rfc1 Nxd2 12. Qxd2 Nd7 13. Nb5 a6 14. Nc3 b5 15.
Ne2 Bd6 16. Ng3 f5 17. Rc2 Qe7 18. Ne2 g5 19. Rac1 g4 20. Ne1 Nf6 21. Nf4 Ne4
22. Qe2 Nf6 23. g3 Rfc8 24. Rxc8+ Rxc8 25. Rxc8+ Bxc8 26. a4 bxa4 27. Bxa6 Bd7
28. Ned3 Ne4 29. Qc2 Ng5 30. Ne1 Qd8 31. Be2 Qa5 32. Ned3 Ne4 33. f3 gxf3 34.
Bxf3 Nd2 35. Be2 Nc4 36. Kf2 Kf7 37. Bh5+ Ke7 38. g4 Kf6 39. gxf5 exf5 40. Bf3
Bc6 41. Nh5+ Ke6 42. Ndf4+ Ke7 43. Ng3 Bxf4 44. exf4 Qb4 45. Nxf5+ Kd8 46. Ne3
Qxb2 47. Qxb2 Nxb2 48. Be2 Kd7 49. Nc2 Kd6 50. Ke3 Bd7 51. Kd2 Bf5 52. Na3 Nc4+
53. Bxc4 dxc4 54. Nxc4+ Kc6 55. Kc3 Be6 56. Ne3 a3 57. Nc2 a2 58. Kb2 Kd6 59.
Ne3 Bf7 60. f5 Ke7 61. d5 Kd6 62. f6 Ke5 63. Kxa2 Kxf6 64. Kb3 Ke5 1/2-1/2

[Event "SR 4. liga A21 2013/2014"]
[Site "?"]
[Date "2014.01.26"]
[Round "7.1"]
[White "Hrubsa, Marian"]
[Black "Lanyi, Frantisek"]
[Result "1-0"]
[WhiteElo "1801"]
[BlackElo "1695"]
[PlyCount "137"]
[EventDate "2013.??.??"]

1. e4 e5 2. Nf3 Nc6 3. Bb5 Nf6 4. O-O d6 5. d4 exd4 6. Bxc6+ bxc6 7. Qxd4 c5 8.
Qd3 Be6 9. c4 Be7 10. Nc3 O-O 11. b3 Nd7 12. Nd5 h6 13. Bb2 Bxd5 14. exd5 Bf6
15. Bxf6 Qxf6 16. Rae1 Rfe8 17. Re3 Rxe3 18. fxe3 Ne5 19. Qd2 Nxf3+ 20. Rxf3
Qe5 21. Qa5 Qa1+ 22. Rf1 Qe5 23. Qxc7 Qxe3+ 24. Kh1 Re8 25. Qxf7+ Kh8 26. h3
Qe2 27. Rf2 Qe1+ 28. Kh2 Qe5+ 29. Kh1 Qe1+ 30. Rf1 Qe2 31. Kg1 Qe3+ 32. Qf2 Qe5
33. Qf4 Qe7 34. Qf7 Qe3+ 35. Qf2 Qe5 36. b4 cxb4 37. Qxa7 Qe2 38. Qd7 Qe3+ 39.
Kh1 Qe2 40. Rg1 Re4 41. Qxd6 Rxc4 42. Qf8+ Kh7 43. d6 Rd4 44. d7 Qd3 45. d8=Q
Rxd8 46. Qxb4 Ra8 47. a4 Qa6 48. Ra1 Kh8 49. a5 Qc6 50. Rd1 Qc7 51. Qb6 Qb8 52.
Qxb8+ Rxb8 53. a6 Ra8 54. Ra1 g5 55. g4 Ra7 56. Kg2 Kg7 57. Kf3 Kf6 58. Ke4 Ke6
59. Kd4 Kd6 60. Ra5 Kc6 61. Ke5 Kb6 62. Ra1 Kc6 63. Kf6 Kd6 64. Kg6 Ke5 65.
Kxh6 Kf4 66. Ra4+ Kg3 67. Kxg5 Kxh3 68. Ra3+ Kg2 69. Kf6 1-0

[Event "SR 4. liga A21 2013/2014"]
[Site "?"]
[Date "2014.01.26"]
[Round "7.1"]
[White "Podjavorinsky, Peter"]
[Black "Bartos, Bohumil"]
[Result "1-0"]
[WhiteElo "1707"]
[BlackElo "1507"]
[PlyCount "109"]
[EventDate "2013.??.??"]

1. e4 c5 2. Nf3 Nc6 3. d4 cxd4 4. Nxd4 Nf6 5. Nc3 e5 6. Nf3 Bb4 7. Bc4 Bxc3+ 8.
bxc3 O-O 9. Ba3 Qa5 10. Bxf8 Qxc3+ 11. Nd2 Kxf8 12. O-O Nxe4 13. Qh5 Nd6 14.
Ne4 Qxc4 15. Nxd6 Qe6 16. Nxc8 Rxc8 17. Qxh7 Qh6 18. Qf5 Qe6 19. Qh5 Ke7 20.
Rfe1 d6 21. f4 g6 22. Qh4+ Qf6 23. Qg3 Rh8 24. fxe5 Nxe5 25. Rad1 Rh5 26. Qb3
b6 27. Qd5 Qe6 28. Qb7+ Qd7 29. Qa6 f6 30. Qc4 Qe6 31. Qc7+ Qd7 32. Qb8 Rg5 33.
Qa8 Kf7 34. Rd4 Nc6 35. Rd2 Re5 36. Red1 Re6 37. Qh8 Ne5 38. Rd4 g5 39. Qh3 Ke7
40. Rf1 Qe8 41. Rfd1 Qg6 42. Qa3 Qxc2 43. Qxa7+ Nd7 44. Qa3 Qc5 45. Qxc5 bxc5
46. R4d2 Ne5 47. a4 Nc6 48. Kf2 Kd7 49. Re2 Rxe2+ 50. Kxe2 c4 51. g3 Ne5 52. h4
Nd3 53. Rxd3 cxd3+ 54. Kxd3 gxh4 55. gxh4 1-0

[Event "SR 4. liga A21 2013/2014"]
[Site "?"]
[Date "2014.01.26"]
[Round "7.1"]
[White "Danihel, Jozef"]
[Black "Madzo, Anton"]
[Result "1/2-1/2"]
[WhiteElo "1553"]
[BlackElo "1611"]
[PlyCount "106"]
[EventDate "2013.??.??"]

1. d4 d5 2. c4 dxc4 3. e4 e6 4. Bxc4 Bb4+ 5. Nc3 c6 6. Nf3 h6 7. O-O Nd7 8. d5
Bxc3 9. dxe6 Bf6 10. exf7+ Kf8 11. fxg8=Q+ Rxg8 12. Bxg8 Kxg8 13. e5 Be7 14.
Qb3+ Kh8 15. Rd1 Qg8 16. Qc2 Nf8 17. Bf4 Bg4 18. Qe4 Qh7 19. Qe3 b6 20. Rac1
Rc8 21. h3 Bxf3 22. Qxf3 Qg6 23. a3 Qe6 24. b4 Ng6 25. Bg3 a5 26. b5 cxb5 27.
Rxc8+ Qxc8 28. Qf7 Kh7 29. e6 Qf8 30. Bc7 Qxf7 31. exf7 Bxa3 32. Bd6 Bxd6 33.
Rxd6 Nf8 34. Rxb6 g6 35. Rxb5 Kg7 36. Rxa5 Kxf7 37. Ra6 Ne6 38. g3 Ng5 39. Kg2
Ne4 40. f4 Nc5 41. Rc6 Ne6 42. Kf2 Nd4 43. Ra6 Ne6 44. Ke3 Ng7 45. Kd4 Nf5+ 46.
Ke5 Nxg3 47. Ra7+ Kg8 48. Kf6 Nh5+ 49. Kxg6 Nxf4+ 50. Kxh6 Nxh3 51. Ra4 Kf7 52.
Rh4 Ng1 53. Rh2 Ke6 1/2-1/2

[Event "SR 4. liga A21 2013/2014"]
[Site "?"]
[Date "2014.01.26"]
[Round "7.2"]
[White "Slaby, Jozef"]
[Black "Nemeckay, Rastislav"]
[Result "1/2-1/2"]
[WhiteElo "1874"]
[BlackElo "1986"]
[PlyCount "51"]
[EventDate "2013.??.??"]

1. c4 g6 2. Nc3 Bg7 3. d4 Nf6 4. e4 d6 5. f3 O-O 6. Be3 e5 7. d5 Nh5 8. Qd2 f5
9. Bg5 Nf6 10. exf5 Bxf5 11. Nge2 Qe8 12. O-O-O a6 13. g4 Bc8 14. Ng3 Nbd7 15.
Be3 Kh8 16. h4 h5 17. gxh5 Nxh5 18. Nge4 Ndf6 19. Bd3 Nxe4 20. Nxe4 Bf5 21. Ng5
Rf6 22. Bxf5 gxf5 23. Ne6 f4 24. Bf2 Rc8 25. Nxg7 Nxg7 26. Rdg1 1/2-1/2

[Event "SR 4. liga A21 2013/2014"]
[Site "?"]
[Date "2014.01.26"]
[Round "7.2"]
[White "Celustkova, Lubica"]
[Black "Vagovic, Milan"]
[Result "1-0"]
[WhiteElo "1618"]
[BlackElo "1702"]
[PlyCount "107"]
[EventDate "2013.??.??"]

1. e4 c5 2. Nf3 d6 3. Bb5+ Bd7 4. Bxd7+ Nxd7 5. c4 Ngf6 6. Nc3 e6 7. d4 cxd4 8.
Nxd4 a6 9. O-O Be7 10. Be3 O-O 11. b3 Rc8 12. Rc1 Re8 13. f4 g6 14. Qf3 h5 15.
f5 Ne5 16. Qe2 exf5 17. exf5 Nfg4 18. fxg6 fxg6 19. Bf4 Bg5 20. Qd2 Bxf4 21.
Rxf4 Nc6 22. Rcf1 Qb6 23. Nd5 Qa7 24. h3 Nh6 25. Nf6+ Kg7 26. Nxe8+ Rxe8 27.
Kh1 Nxd4 28. Qxd4+ Qxd4 29. Rxd4 Nf5 30. Rd3 b5 31. cxb5 axb5 32. g4 hxg4 33.
hxg4 Nh6 34. Rxd6 Nxg4 35. Rd7+ Kh6 36. Ra1 Re5 37. a4 bxa4 38. bxa4 Ra5 39.
Rb7 Nf2+ 40. Kg2 Nd3 41. Rb5 Ra8 42. a5 Nf4+ 43. Kh2 Ne6 44. a6 Nc7 45. Rb6 Ra7
46. Kg3 Kg7 47. Kg4 Kh6 48. Rh1+ Kg7 49. Rb7 Rxb7 50. axb7 Na6 51. Ra1 Nb8 52.
Ra8 Nc6 53. b8=Q Nxb8 54. Rxb8 1-0

[Event "SR 4. liga A21 2013/2014"]
[Site "?"]
[Date "2014.01.26"]
[Round "7.2"]
[White "Pripko, Bystrik"]
[Black "Klimes, Karel"]
[Result "1/2-1/2"]
[WhiteElo "1721"]
[BlackElo "1651"]
[PlyCount "55"]
[EventDate "2013.??.??"]

1. e4 e5 2. Nf3 Nc6 3. Bc4 Be7 4. d3 Nf6 5. O-O O-O 6. Nc3 d6 7. h3 Na5 8. Bb3
Nxb3 9. axb3 a6 10. Nh2 Be6 11. f4 exf4 12. Bxf4 Nd7 13. Ne2 Ne5 14. d4 Ng6 15.
Bd2 Bg5 16. d5 Bd7 17. Nf3 Bxd2 18. Qxd2 Qe7 19. Qd3 Rae8 20. Nd2 Qg5 21. Rf3
Qe5 22. c3 f5 23. Ng3 fxe4 24. Rxf8+ Rxf8 25. Ngxe4 Nf4 26. Qe3 Nxd5 27. Qg3
Nf4 28. Re1 1/2-1/2

[Event "SR 4. liga A21 2013/2014"]
[Site "?"]
[Date "2014.01.26"]
[Round "7.2"]
[White "Kanka, Tomas"]
[Black "Piestansky, Jan"]
[Result "1-0"]
[WhiteElo "1688"]
[BlackElo "1658"]
[PlyCount "87"]
[EventDate "2013.??.??"]

1. e4 e5 2. Nf3 d6 3. d4 exd4 4. Nxd4 h6 5. Bc4 Nf6 6. O-O Be7 7. Nc3 O-O 8. h3
Bd7 9. Qf3 Nc6 10. Nxc6 Bxc6 11. Re1 a6 12. a4 Qd7 13. Bf4 b5 14. Bb3 b4 15.
Nd5 Nxd5 16. exd5 Bb7 17. Qe4 Bf6 18. Qxb4 Rab8 19. Qa3 Qf5 20. Bg3 Bxd5 21.
Re3 Bxb3 22. cxb3 Qc2 23. Rae1 Qxb2 24. Qxb2 Bxb2 25. Rb1 Bd4 26. Re7 Bb6 27.
b4 a5 28. Re4 Rfe8 29. Rc4 Kf8 30. Kf1 Red8 31. b5 Re8 32. Rd1 Re6 33. f3 Rbe8
34. Rdc1 Re2 35. Rxc7 Bxc7 36. Rxc7 Ra2 37. Bxd6+ Kg8 38. b6 Rd2 39. Bg3 Rd1+
40. Kf2 Rd2+ 41. Kg1 Red8 42. b7 f6 43. Rc5 Kh7 44. Rxa5 1-0

[Event "SR 4. liga A21 2013/2014"]
[Site "?"]
[Date "2014.01.26"]
[Round "7.2"]
[White "Slaba, Andrea"]
[Black "Wallner, Juraj"]
[Result "0-1"]
[WhiteElo "1294"]
[BlackElo "1512"]
[PlyCount "48"]
[EventDate "2013.??.??"]

1. c4 c5 2. Nc3 Nc6 3. Nf3 Nf6 4. d3 e6 5. Bg5 Be7 6. g3 h6 7. Bd2 d5 8. cxd5
exd5 9. Bg2 Bd7 10. O-O O-O 11. Re1 a6 12. e4 d4 13. Ne2 Rc8 14. Nf4 Bg4 15. h3
Bxf3 16. Qxf3 Ne5 17. Qd1 g5 18. Nh5 Nxd3 19. Nxf6+ Bxf6 20. Re2 Nxb2 21. Qb3
d3 22. Ree1 c4 23. Qxb7 c3 24. Be3 d2 0-1

[Event "SR 4. liga A21 2013/2014"]
[Site "?"]
[Date "2014.01.26"]
[Round "7.3"]
[White "Pericka, Tomas"]
[Black "Gono, Michal"]
[Result "1-0"]
[WhiteElo "1994"]
[BlackElo "1941"]
[PlyCount "29"]
[EventDate "2013.??.??"]

1. e4 c5 2. Nf3 a6 3. c3 g6 4. d4 cxd4 5. cxd4 Bg7 6. Nc3 d6 7. h3 Nf6 8. Bg5
h6 9. Be3 b5 10. e5 dxe5 11. dxe5 Nfd7 12. e6 fxe6 13. Bd3 Kf7 14. Be4 b4 15.
Ne2 1-0

[Event "SR 4. liga A21 2013/2014"]
[Site "?"]
[Date "2014.01.26"]
[Round "7.3"]
[White "Curidlo, Jan"]
[Black "Sadlon, Juraj"]
[Result "0-1"]
[WhiteElo "1852"]
[BlackElo "1801"]
[PlyCount "140"]
[EventDate "2013.??.??"]

1. e4 e5 2. Nf3 Nc6 3. Bb5 a6 4. Ba4 b5 5. Bb3 Be7 6. c3 Nf6 7. d3 O-O 8. O-O
d6 9. h3 Na5 10. Bc2 c5 11. Be3 Qc7 12. Nbd2 Re8 13. Rc1 Nc6 14. Bb1 a5 15. Re1
h6 16. Qe2 Ba6 17. Qd1 Bf8 18. Nf1 Rad8 19. a3 d5 20. exd5 Nxd5 21. Qc2 Nxe3
22. Rxe3 g6 23. Rce1 Bg7 24. d4 Qd6 25. dxc5 Qxc5 26. Ba2 Kf8 27. N1d2 Bc8 28.
Nb3 Qb6 29. Qe2 Be6 30. Nfd2 b4 31. axb4 axb4 32. c4 Nd4 33. Nxd4 exd4 34. Re4
Qc6 35. Qd3 Bf5 36. Rxe8+ Rxe8 37. Rxe8+ Qxe8 38. Qf1 d3 39. g4 Qe2 40. gxf5
Qxd2 41. Bb1 Qg5+ 42. Kh1 Qxf5 43. Qxd3 Qxd3 44. Bxd3 Bxb2 45. Kg2 Ke7 46. Kf3
Bd4 47. Ke2 Kd6 48. f3 Kc5 49. Kd2 b3 50. Kc1 Kb4 51. Kb1 Kc3 52. Bf1 Kd2 53.
c5 Bxc5 54. Bc4 f6 55. Bf7 Ke3 56. Bxg6 Bd4 57. Be4 Kf4 58. h4 h5 59. Bd5 b2
60. Bf7 Kxf3 61. Bxh5+ Kg3 62. Bg6 Kxh4 63. Kc2 Kg5 64. Bd3 f5 65. Kd2 f4 66.
Ke2 Kg4 67. Kf1 Kf3 68. Bb1 Ke3 69. Ke1 f3 70. Be4 f2+ 0-1

[Event "SR 4. liga A21 2013/2014"]
[Site "?"]
[Date "2014.01.26"]
[Round "7.3"]
[White "Skapik, Branislav"]
[Black "Nedorost, Lubomir"]
[Result "1-0"]
[WhiteElo "1841"]
[BlackElo "1701"]
[PlyCount "85"]
[EventDate "2013.??.??"]

1. Nf3 Nf6 2. g3 g6 3. Bg2 Bg7 4. d4 d6 5. O-O Nc6 6. Nc3 Bg4 7. Re1 Qd7 8. e4
O-O 9. Be3 Rad8 10. Qd2 Bh3 11. Bh1 Ng4 12. Rad1 e5 13. d5 Ne7 14. Qe2 f5 15.
Ng5 Nxe3 16. fxe3 f4 17. exf4 exf4 18. Bg2 Bg4 19. Bf3 Bxf3 20. Qxf3 fxg3 21.
Qxg3 Rf6 22. Ne6 Re8 23. Rf1 Kh8 24. Qh4 Ng8 25. Ne2 Qe7 26. Qh3 Rxf1+ 27. Rxf1
Nf6 28. N2f4 Nh5 29. Nxh5 gxh5 30. Qxh5 Bxb2 31. Rf7 Rg8+ 32. Kf1 Qxf7+ 33.
Qxf7 Bg7 34. Qxc7 Be5 35. Qxb7 Bxh2 36. Qb2+ Be5 37. Qb7 a5 38. c4 h5 39. Qf7
Rg3 40. Qxh5+ Kg8 41. Ng5 Bg7 42. Qf7+ Kh8 43. Qe8+ 1-0

[Event "SR 4. liga A21 2013/2014"]
[Site "?"]
[Date "2014.01.26"]
[Round "7.3"]
[White "Bardik, Jozef"]
[Black "Pericka, Pavol"]
[Result "1-0"]
[WhiteElo "1878"]
[BlackElo "1793"]
[PlyCount "93"]
[EventDate "2013.??.??"]

1. d4 d5 2. c4 e6 3. Nc3 Nf6 4. c5 Nc6 5. a3 Be7 6. Nf3 O-O 7. e3 Ne4 8. Qc2 f5
9. Be2 Bd7 10. O-O Rf6 11. Ne5 Rh6 12. Nxc6 Bxc6 13. f3 Ng5 14. f4 Ne4 15. Bd2
Bh4 16. Nxe4 fxe4 17. g3 Be7 18. b4 Qe8 19. Rf2 Qg6 20. Rg2 e5 21. dxe5 Bd7 22.
g4 Rh3 23. Rf1 Bh4 24. Qd1 Rf8 25. g5 Rf3 26. Bxf3 exf3 27. Qxf3 Qd3 28. Bc1
Bf5 29. Rd2 Qe4 30. Kg2 Qxf3+ 31. Kxf3 Bxg5 32. Kg3 Be4 33. Rfd1 Be7 34. Rxd5
Bxd5 35. Rxd5 g5 36. Kg4 Rf7 37. Rd7 gxf4 38. exf4 Bf8 39. Rxf7 Kxf7 40. f5 c6
41. Bg5 h6 42. Be3 b5 43. Kh5 a6 44. Bxh6 Be7 45. Bg5 Bf8 46. e6+ Ke8 47. f6
1-0

[Event "SR 4. liga A21 2013/2014"]
[Site "?"]
[Date "2014.01.26"]
[Round "7.3"]
[White "Zachar, Michal"]
[Black "Sedlak, Rastislav"]
[Result "0-1"]
[WhiteElo "1000"]
[BlackElo "1761"]
[PlyCount "76"]
[EventDate "2013.??.??"]

1. e4 e5 2. Nf3 Nc6 3. Nc3 Nf6 4. Bc4 Bb4 5. d3 h6 6. O-O O-O 7. Be3 Na5 8. Bb3
Nxb3 9. axb3 Bxc3 10. bxc3 d6 11. h3 c5 12. c4 Bd7 13. c3 a5 14. Qc2 Bc6 15.
Nh4 Nxe4 16. Nf5 Ng5 17. d4 Be4 18. Bxg5 Bxc2 19. Bxd8 Rfxd8 20. Ne3 Bxb3 21.
Rfb1 a4 22. d5 g6 23. g4 Rf8 24. f3 f5 25. Kg2 f4 26. Nf1 Bxc4 27. Rxb7 Bxd5
28. Rb6 Rfd8 29. Rd1 Bb3 30. Ra1 Rab8 31. Rc6 Bd5 32. Ra6 Rb2+ 33. Kg1 Bxf3 34.
Nh2 Rg2+ 35. Kh1 Ra2+ 36. Nxf3 Rxa1+ 37. Kg2 Rb8 38. Nh4 e4 0-1